000
00270nam a2200109Ia 4500
008
200302s9999 xx 000 0 und d
100
_a
Franklin Watts
245
_a
Great British Architects
260
_b
Diagram Visual Information Ltd.
260
_c
1986
300
_a
39 P.,
999
_c
2359
_d
2359